02403cam a2200445 4500003000900000005001700009020001500026035002700041035001800068035001800086041000700104044000700111082001600118245004200134264007700176300002800253504002700281505096400308521003701272526001001309526001001319526001001329526001001339526000801349526000801357526000801365526000801373526000801381526000801389526000801397650003701405700002801442942001401470949006301484910002501547596000601572999015501578980005501733952016901788PE-LiUPU20250731173129.0 a082542612X a(Sirsi) i9780825426124 a(Sirsi) 27181 a(Sirsi) 27181 aen aus04a220.52bW91 aWhich Bible? /cDavid Otis Fuller ed. 1aGrand Rapids, Michigan :bGrand Rapids International Publications,c1984 a350 páginas ;c20 cm. aIncluye bibliografía0 aWhy this books?. The learned men. The greek text of the King James Version. The incomparable Wilson: the man who mastered. Is the higher criticism scholarly?. The magnificent burgo, doughty champion and defender of the byzantine text. The principle and tendency of the revision examined. The Bible and modern criticism. In defense of the textus receptus. The codex vaticanus and its allies. A critical examination of the westcott-hort textual theory -- About the author of "our authorized Bible vindicated": Our authorized Bible vindicated. Fundamentally, only two different Bibles. The Bible adopted by constantine and the pure Bible of the waldenses. The reformers reject the Bible of the papacy. The jesuits and the jesuit Bible of 1582. The King James Bible born amid the great struggles over the Jesuit version. Three hundred years of attack upon the King James Bible. Westcott and Hort. Revision at last!. The rising tide of modernism and modern Bibles. aProfesores y alumnos de posgrado aSEG42 aSEG41 aSEG40 aSEG39 aP94 aP87 aP86 aP85 aP77 aP76 aP3514aVersiones de la BibliaxInglés1 aOtis Fuller, Davideed. 2ddccBOOK a220.52 W91i51524lPOSTGRADOmBULtLIBROo.STAFF. Posgrado aajbglcopd20030708 a1 a220.52 W91wDEWEYc33248i51524f2021-11-9g5lCCODEBUL1mBULp12.00r0sYtBOOKu2015-6-24xTEOLOGIAPP350COMPRAo.STAFF. Colección Generald33248 81gALBERTO SANCHEZ Responsable de Automatización r2025-12-02 00:00:00i6l0o220.52 W91p51524te1v17.00w2015-06-24xFTyBKzinventario-2023-12-13102ddc50708GENfP35aBULbBULcGENd2015-06-24eCOMPRAg12.00